| 000 | 01052nas a2200349 4500 | ||
|---|---|---|---|
| 001 | BR0404330 | ||
| 003 | BR-BrBNA | ||
| 005 | 20231205104821.0 | ||
| 007 | ta | ||
| 008 | 230509b bl.|||p| |||| 00| 00por d | ||
| 040 |
_aBR-BrBNA _bpor _cBiblioteca Nacional de Agricultura |
||
| 041 | _a(Pt) | ||
| 072 | _aF01; F30 | ||
| 100 | 1 | _aStumpf, E.R.T. | |
| 100 | 1 | _aBarbieri, R.L. | |
| 100 | 1 | _aSinigaglia, C. | |
| 100 | 1 | _aMariot, M.P. | |
| 100 | 1 | _aChoer, E. | |
| 100 | 1 | _aCastro, C.M. | |
| 100 | 1 | _aRomano, C.M. | |
| 245 | 1 | _aPotencial de inflorescências de cenoura como flor de corte | |
| 650 | _aCENOURA | ||
| 650 | _aRECURSO GENÉTICO | ||
| 650 | _aVARIAÇÃO GENÉTICA | ||
| 650 | _aINFLORESCÊNCIA | ||
| 650 | _aPÓS-COLHEITA | ||
| 650 | _aFLOR PARA CORTE | ||
| 773 | 0 |
_tRevista Brasileira de Agrociência (Brazil) _xISSN 0104-8996 _g(Jul-Sep 2003), v. 9(3) p. 237-240 _wBR0404330 |
|
| 856 | 4 | 0 | _uhttp://www.ufpel.tche.br/faem/agrociencia/v9n3/artigo09.htm |
| 909 |
_a202311 _bLúcia _c55 _dLúcia Elande |
||
| 942 |
_2AGRIS _n0 _cANA |
||
| 999 |
_c179815 _d179815 |
||